Normal view
MARC view
Entry Personal Name
001 - CONTROL NUMBER
- control field: 827562
003 - CONTROL NUMBER IDENTIFIER
- control field: OSt
005 - DATE AND TIME OF LATEST TRANSACTION
- control field: 20250923144713.0
008 - FIXED-LENGTH DATA ELEMENTS
- fixed length control field: 250923|| aca||aabn | a|a d
040 ## - CATALOGING SOURCE
- Original cataloging agency: OSt
- Transcribing agency: OSt
100 ## - HEADING--PERSONAL NAME
- Personal name: Verma, J.P
670 ## - SOURCE DATA FOUND
- Source citation: Work cat.: (OSt)1442283: Verma, J.P. , Socio economic survey of 90 porters at Simla Railway Station (N.R.), 1960
